Quizzes
Events
Quiz Creation
Community
Videos
Private Events
Remove Ads
Sign In
Join for FREE
Feedback
Dark Mode
Quiz Categories
Sports
Geography
Music
Movies
Television
Just For Fun
Miscellaneous
History
Literature
Language
Science
Gaming
Entertainment
Religion
Holiday
For Kids
Quiz Lab
Recent
Popular Today
Quiz Kudos Today
Editor Picks
Curator Picks
Quizzes by...
Day
Popularity
Type
Ratings
Length
Year
Community
Subscriptions
Recent Discussions
Orange Saloon
Badges
Playlists
Quests
Create
Leaderboards
Showdown
Live 5
Trivia Bingo
Activity
Puzzle Library
Sporcle Events
Private Events
Virtual Trivia
Globe League
Become a Host
Pub Owners
SporcleCon
Opinionation
Our Games
Videos
Blog
Mobile Apps
Partnerships
Remove Ads and Go Orange
Feedback
Music
Pop Music
The Beatles
Song
Album
Lyrics
Bands
Singers
Artist
Clip
Rock
Rap
Classical
Billboard
Country Music
Kpop
Taylor Swift
Music
Pop Music
The Beatles
Song
Album
Lyrics
Bands
Singers
Artist
Clip
Rock
Rap
Classical
Billboard
Country Music
Kpop
Taylor Swift
Random Quiz
Search Sporcle
×
Quiz Lab
Quiz Lab
Music
Artist
Type in answers that appear in a list
Type in answers that appear in a list
Classic
Best Score? Go Orange.
#1 Billboard Pop Song Stats
Can you name the Hot 100 #1 Song of the Year (Pop Single)?
By
sweetneilky
15m
58 Questions
141 Plays
141 Plays
141 Plays
Comments
Comments
Give Quiz Kudos
Give Quiz Kudos
-
- Ratings
hide this ad
Replay
Link that replays current quiz
Next Quiz
Link to next quiz in quiz playlist
You Got
0%
They Got
Avg Score
37%
Avg Friend Score
Upgrade to see
Score Distribution
Jump to the score distribution portion of the page
Score
0/58
Timer
15:00
0
Plays Today
Year
Song
% Correct
2014
Happy
86.5%
2015
Uptown Funk!
83.8%
2011
Rolling in the Deep
71.6%
2010
Tik Tok
68.8%
2013
Thrift Shop
67.6%
1999
Believe
63.8%
1993
I Will Always Love You
63.1%
2012
Somebody That I Used To Know
62.7%
1997
Candle in the Wind 1997 & Something About The Way You Look Tonight
62.4%
2006
Bad Day
62.4%
1982
Physical
61%
1996
Macarena
57.4%
2008
Low
56.7%
2009
Boom Boom Pow
56%
2003
In Da Club
54.6%
2004
Yeah!
54.6%
1983
Every Breath You Take
51.8%
1970
Bridge Over Troubled Water
51.1%
1968
Hey Jude
49.6%
1980
Call Me
49.6%
1988
Faith
49.6%
1994
The Sign
48.9%
1987
Walk Like an Egyptian
47.5%
1981
Bette Davis Eyes
46.8%
1984
When Doves Cry
46.1%
1995
Gangsta's Paradise
46.1%
1979
My Sharona
45.4%
1971
Joy to the World
44.7%
2002
How You Remind Me
44.7%
Year
Song
% Correct
1985
Careless Whisper
43.3%
1990
Hold On
43.3%
2000
Breathe
43.3%
1969
Sugar Sugar
41.1%
2005
We Belong Together
41.1%
1964
I Want to Hold Your Hand
40.4%
1986
That's What Friends Are For
40.4%
1992
End of the Road
37.6%
2007
Irreplaceable
35.5%
2001
Hanging by a Moment
34%
1975
Love Will Keep Us Together
30.5%
1967
To Sir With Love
27.7%
1974
The Way We Were
27.7%
1972
The First Time Ever I Saw Your Face
24.8%
1998
Too Close
24.1%
1965
Wooly Bully
23.4%
1976
Silly Love Songs
22.7%
1978
Shadow Dancing
22.7%
1991
(Everything I Do) I Do It For You
21.3%
1966
The Ballad of the Green Berets
19.1%
1977
Tonight's the Night (Gonna Be Alright)
18.4%
1989
Look Away
17.7%
1958
Volare (Nel Blu Dipinto Di Blu)
12.8%
1959
The Battle of New Orleans
12.1%
1960
The Theme from 'A Summer Place'
12.1%
1973
Tie A Yellow Ribbon Round the Ole Oak Tree
11.3%
1961
Tossin' and Turnin'
9.2%
1962
Stranger on the Shore
8.5%
1963
Sugar Shack
7.8%
Quiz Playlist
Details
Report
Send in Message
Add To Playlist
Classic:
Type in answers that appear in a list
Quiz Source
Last Updated: Feb 16, 2017
Quiz Scoreboard
CHALLENGE
Sign Up to Join the Scoreboard
Show All
Scores
Hide
Comments
May contain spoilers
Recently Published
Alphabetical 'K' Countries by Flag Minefield
by ylime102
Geography
3m
Pick 6: Fruits
by JohnFran
Miscellaneous
15s
Click the 1999 NBA Draft
by nibperrychub
Sports
2m
More to Explore
Quiz From the Vault
Featured Blog Post
15 Basketball Trivia Facts You Can Be March Mad About
hide this ad
You Might Also Like...
Tags
Artist Quiz
Billboard Quiz
Pop Music Quiz
Song Quiz
Hit Chart
Musical Songs
Music Awards
Music Charts
Musician
Single
Song List
Today's Top Quizzes in Music
Browse Music
hide this ad
Today's Top Quizzes in Artist
Browse Artist
Top Contributed Quizzes in Music
1
Taylor Swift All Songs (2024)
2
KPOP LOGIC QUIZ
3
A Taylor Swift Logic Puzzle
4
Guess the Taylor Swift song (Mystery Song)
5
Taylor Swift Logic Puzzle
6
K-Pop Murder Mystery Logic Quiz
7
kpop group name match up
8
Guess The Taylor Swift Lyrics Song #1
9
Kpop murder mystery 1
10
K-Pop : 100 Debut Songs (Part 1 of 3)
Explore More
Trending Topics
Disney
NBA
Harry Potter
Kpop
Crossword
Anime
Marvel
NFL
Country
Pokémon
The Office
Soccer
Puzzle
Song
WWE
hide this ad
More By:
sweetneilky
Quiz
Plays
Rating
Category
Featured
Created
College & Mascot Match-Up Blitz
5,276
4.00
Sports
Aug 14, 2012
College & Mascot Match-Up Marathon
1,810
4.50
Sports
Aug 14, 2012
Top 50 Heel Wrestlers
944
3.00
Sports
Oct 4, 2016
Which Boy Band were they in?
881
4.50
Music
Oct 6, 2016
Famous Eightsomes I
842
3.89
Just For Fun
Dec 4, 2009
Go to Creator's Profile
Score Distribution
Quiz Creator Spotlight
sweetneilky
Follow
Send a Message
Quizzes Created
-
Created Quiz Play Count
-
More By This Creator
Popular Quizzes Today
1
Countries of Asia Without Outlines Minefield
2
Find the US States - No Outlines Minefield
3
Pick 6: Fruits
4
Alphabetical 'K' Countries by Flag Minefield
5
The Countries of the World
6
Find the US States
7
US States
8
Find the Countries of Europe - No Outlines Minefield
More Music Quizzes
Guess the Hip Hop Artist by the Album cover (2019)
Curator's Pick
Trending Quizzes
Pick 6: Harry Potter
Pick 6: Mountains
Pick 6: NFL Teams
Pick 6: Flags
Pick 6: Movie Franchises
Recently Updated
NWSL Teams
pecheneg
Women's Final Four Teams by Year
bhenderson79
Presidents Quartet II
eogle
Anything But Clue(do)
eogle
Anything But Oceanian Capitals
eogle
Anything But 7
eogle
Anything But Thing
eogle
Word Ladder: February 29
pecheneg
Song Title Questions
pecheneg
Women's NCAA Tournament #1 Seeds
pecheneg
Trending Topics
NBA
Harry Potter
Disney
Kpop
Crossword
Anime
Marvel
Country
The Office
Pokémon
NFL
Song
Soccer
Puzzle
WWE
Your Account Isn't Verified!
In order to create a playlist on Sporcle, you need to verify the email address you used during registration. Go to your
Sporcle Settings
to finish the process.
Report this User
Report this user for behavior that violates our
Community Guidelines
.
Details:
Send Report
Go to the Sporcle.com Mobile Site →
Comments